<?xml version="1.0" encoding="UTF-8"?>
<marc:record xmlns:marc="http://www.loc.gov/MARC21/slim">
   <marc:leader>00000nam a2200000 a 4500</marc:leader>
   <marc:datafield ind1="1" ind2=" " tag="100">
      <marc:subfield code="a">Goscinny, René</marc:subfield>
      <marc:subfield code="4">aut</marc:subfield>
      <marc:subfield code="e">Verfasser/-in</marc:subfield>
   </marc:datafield>
   <marc:datafield ind1="1" ind2=" " tag="100">
      <marc:subfield code="a">Tirard, Laurent</marc:subfield>
      <marc:subfield code="4">aut</marc:subfield>
      <marc:subfield code="e">Verfasser/-in</marc:subfield>
   </marc:datafield>
   <marc:datafield ind1="1" ind2=" " tag="100">
      <marc:subfield code="a">Badelt, Klaus</marc:subfield>
      <marc:subfield code="4">aut</marc:subfield>
      <marc:subfield code="e">Verfasser/-in</marc:subfield>
   </marc:datafield>
   <marc:datafield ind1="1" ind2=" " tag="100">
      <marc:subfield code="a">Lemercier, Valérie</marc:subfield>
   </marc:datafield>
   <marc:datafield ind1="1" ind2=" " tag="100">
      <marc:subfield code="a">Claude, Vincent</marc:subfield>
   </marc:datafield>
   <marc:datafield ind1="1" ind2=" " tag="100">
      <marc:subfield code="a">Vaillant, Charles</marc:subfield>
   </marc:datafield>
   <marc:datafield ind1="1" ind2=" " tag="100">
      <marc:subfield code="a">Kiberlain, Sandrine</marc:subfield>
   </marc:datafield>
   <marc:datafield ind1="1" ind2=" " tag="100">
      <marc:subfield code="a">Averty, Benjamin</marc:subfield>
   </marc:datafield>
   <marc:datafield ind1="0" ind2="0" tag="245">
      <marc:subfield code="a">Der kleine Nick</marc:subfield>
   </marc:datafield>
   <marc:datafield ind1="0" ind2="0" tag="245">
      <marc:subfield code="c">Schauspieler: Benjamin Averty, Sandrine Kiberlain, Charles Vaillant, Vincent Claude, Valérie Lemercier, Kad Merad, Maxime Godart, Victor Carles; Vorlage: René Goscinny; Produktion: Marc Missonnier, Geneviève Lemal; Drehbuch: Laurent Tirard; Musik: Klaus B</marc:subfield>
   </marc:datafield>
   <marc:datafield ind1=" " ind2="1" tag="264">
      <marc:subfield code="a">Potsdam</marc:subfield>
      <marc:subfield code="b">filmwerte GmbH</marc:subfield>
      <marc:subfield code="c">2022</marc:subfield>
   </marc:datafield>
   <marc:datafield ind1="1" ind2=" " tag="520">
      <marc:subfield code="a">Frankreich in den 1960er-Jahren: Der kleine Nick soll in der Schule einen Aufsatz darüber schreiben, was er später einmal werden möchte. Doch er findet keine Antwort, denn schließlich soll alles genauso bleiben, wie es ist: Nicks Vater verdient das Geld, während seine Mutter den Haushalt regelt und den Sohn mit viel Liebe umsorgt. Nicks heile Welt gerät jedoch ins Wanken, als Papa und Mama plötzlich nicht mehr streiten. Anstatt sich darüber zu freuen, vermutet Nick, dass ein kleiner Bruder unterwegs ist und er selbst &#x96; da er dann ja nicht mehr gebraucht würde &#x96; als ausgesetztes Kind im Wald endet. Gemeinsam mit seinen Schulfreunden unternimmt er eine Reihe chaotischer Gegenmaßnahmen...</marc:subfield>
   </marc:datafield>
   <marc:datafield ind1=" " ind2=" " tag="041">
      <marc:subfield code="a">ger</marc:subfield>
   </marc:datafield>
   <marc:datafield ind1=" " ind2=" " tag="300">
      <marc:subfield code="a">1 Online-Ressource (91 min), Bild: 16:9 HD</marc:subfield>
   </marc:datafield>
</marc:record>
